Création de la propieté intellectuelle (Record no. 156385)
[ view plain ]
| 000 -LEADER | |
|---|---|
| campo de control de longitud fija | 00783nam a2200193 i 4500 |
| 001 - NÚMERO DE CONTROL | |
| campo de control | 156385 |
| 003 - IDENTIFICADOR DE NÚMERO DE CONTROL | |
| campo de control | ES-MaACL |
| 005 - FECHA Y HORA DE LA ÚLTIMA TRANSACCIÓN | |
| campo de control | 20241026162458.0 |
| 008 - DATOS DE LONGITUD FIJA--INFORMACIÓN GENERAL | |
| campo de control de longitud fija | 981230s1843 be |||| | fre d |
| 040 ## - FUENTE DE CATALOGACIÓN | |
| Centro catalogador/agencia de origen | CCPB | B |
| Lengua de catalogación | spa |
| Centro/agencia transcriptor | CCPB | B |
| 100 1# - ENTRADA PRINCIPAL--NOMBRE DE PERSONA | |
| Nombre de persona | Jobard, Jean Baptiste. |
| 9 (RLIN) | 128327 |
| 245 10 - MENCIÓN DEL TÍTULO | |
| Título | Création de la propieté intellectuelle |
| Resto del título | : de la nécessité et des moyens d'organiser l'industrie, de moraliser le commerce et de discipliner la concurrence / |
| Mención de responsabilidad, etc. | par M. Jobard ... |
| 260 ## - PUBLICACIÓN, DISTRIBUCIÓN, ETC. | |
| Lugar de publicación, distribución, etc. | Bruxelles : |
| Nombre del editor, distribuidor, etc. | Imprimerie de C. J. de Mat et Cie, |
| Fecha de publicación, distribución, etc. | 1843. |
| 300 ## - DESCRIPCIÓN FÍSICA | |
| Extensión | [2], 68 p. ; |
| Dimensiones | 26 cm. |
| 597 ## - NOTA DE DESCRIPCIÓN FÍSICA | |
| NOTA DE DESCRIPCIÓN FÍSICA | Antep. |
| 852 ## - LOCALIZACIÓN | |
| Ubicación | ES-MaACL |
| Número de control de estantería | T-1272-F-1 |
| Nota libre | -- Enc. hol., conservando la cub. original |
| -- | -- Donación Bosch |
| -- | -- Enc. en un vol. facticio |
| 942 ## - ELEMENTOS DE ENTRADA SECUNDARIOS (KOHA) | |
| Fuente del sistema de clasificación o colocación | Clasificación decimal universal |
| Estatus retirado | Estado de pérdida | Fuente del sistema de clasificación o colocación | Estado de daño | No para préstamo | Colección | Biblioteca de origen | Biblioteca actual | Ubicación en estantería | Fecha de adquisición | Total de préstamos | Signatura topográfica completa | Código de barras | Visto por última vez | Precio de reemplazo | Tipo de ítem Koha |
|---|---|---|---|---|---|---|---|---|---|---|---|---|---|---|---|
| Clasificación decimal universal | Colección de folletos | Biblioteca del Ateneo de Madrid | Biblioteca del Ateneo de Madrid | Depósito folletos | 17/01/2008 | T-1272-F-1 | 1163613 | 23/02/2023 | 23/02/2023 | Folleto |
